IT Characters - Statistics

General Stats
  • This quiz has been taken 5 times
  • The average score is 13 of 23
Answer Stats
Answer % Correct
Pennywise
100%
Rich Santos
100%
Ben Hanscom
80%
Beverly Marsh
80%
Bill Denbrough
80%
Eddie Kaspbrak
80%
Mike Hanlon
80%
Stanley Uris
80%
Georgie Denbrough
60%
Henry Bowers
60%
Lily Bainbridge
60%
Marge Tozier
60%
Patrick Hostetter
60%
Richie Tozier
60%
Teddy Uris
60%
Will Hanlon
60%
Phil Malkin
40%
Al Marsh
20%
Dick Hallorann
20%
Leroy Hanlon
20%
Charlotte Hanlon
0%
Clint Bowers
0%
Hank Grogan
0%
No matching quizzes found
Score Distribution
Percent of People with Each Score
Percentile by Number Answered
Your Score History
You have not taken this quiz